LEADER 01818nam0 2200433 i 450 001 LO10535121 005 20231121125521.0 010 $a8815078363 020 $aIT$b2001-10805 100 $a20030408d2000 ||||0itac50 ba 101 | $aita 102 $ait 181 1$6z01$ai $bxxxe 182 1$6z01$an 200 1 $a˜L'œEuropa post-comunista$fJuan J. Linz, Alfred Stepan$gedizione italiana a cura di Pietro Grilli di Cortona 210 $aBologna$cIl mulino$d\2000! 215 $a384 p.$d22 cm 225 | $aStudi e ricerche$v458 300 $aTrad. di Marco Cucchini, Paolo Graziano. 410 0$1001CFI0001423$12001 $aStudi e ricerche$v458 500 10$aProblems of democratic transition and consolidation.$3LO10523881$9TO0V045584$913964 606 $aEuropa orientale$xPolitica$x1950-1995$2FIR$3RMLC202767$9I 676 $a321.80904$9$v21 676 $a947.0009045$9$v21 700 1$aLinz$b, Juan J.$3TO0V045584$4070$0120889 701 1$aStepan$b, Alfred$3TO0V011374$4070$0120897 702 1$aGrilli di Cortona$b, Pietro$3CFIV094970 790 1$aStepan$b, Alfred Charles$3TO0V025760$zStepan, Alfred 790 1$aLinz Storch de Gracia$b, Juan Jose$3TO0V158218$zLinz, Juan J. 790 1$aLinz$b, Juan Jose$3VEAV034305$zLinz, Juan J. 801 3$aIT$bIT-01$c20030408 850 $aIT-FR0084 $aIT-FR0017 899 $aBiblioteca Del Monumento Nazionale Di Montecassino$bFR0084 899 $aBiblioteca umanistica Giorgio Aprea$bFR0017 $eN 912 $aLO10535121 950 0$aBiblioteca umanistica Giorgio Aprea$d 52MAG 12/2628$e 52FLS0000226465 VMN RS $fA $h20160504$i20160504 977 $a 25$a 52 996 $aProblems of democratic transition and consolidation$913964 997 $aUNICAS LEADER 01439nam2-2200433li-450 001 990000195820203316 005 20240621112703.0 035 $a0019582 035 $aUSA010019582 035 $a(ALEPH)000019582USA01 035 $a0019582 100 $a20001109d1976----km-y0itay0103----ba 101 0 $aeng 102 $aGW 200 1 $aPerturbation theory for linear operators$fTosio Kato 205 $a2nd ed 210 $aBerlin$cSpringer-Verlag$d1976 215 $aXVII, 619 p.$cill.$d24 cm 225 2 $a<> Grundlehren der Mathematischen Wissenschaften$v132 410 0$1001000316845$12001$a<> Grundlehren der Mathematischen Wissenschaften$v132 606 1 $aOperatori lineari$2BNCF 610 1 $aperturbazione (matematica) 676 $a51572 700 1$aKato,$bTosio$040573 801 $aSistema bibliotecario di Ateneo dell' Università di Salerno$gRICA 912 $a990000195820203316 951 $a510 GLM 132 (A)$b0001890 CBS$c510$d00108744 951 $a510 GLM 132 (B)$b0001891 CBS$c510$d00108745 951 $a510 GLM 132 (C)$b0001628 959 $aBK 969 $aSCI 979 $c19990104 979 $c20001110$lUSA01$h1713 979 $aALANDI$b90$c20010614$lUSA01$h1252 979 $aALANDI$b90$c20010614$lUSA01$h1253 979 $c20020403$lUSA01$h1627 979 $aPATRY$b90$c20040406$lUSA01$h1614 996 $aPerturbation theory for linear operators$982699 997 $aUNISA